[Event "IECC M1-2008.T80"]
[Site "IECC email"]
[Date "2008.10.24"]
[Round "?"]
[White "Simmons, Ernest"]
[Black "Reni, Norbert"]
[Result "0-1"]
[WhiteElo "1096"]
[BlackElo "1059"]
[PlyCount "78"]
[EventDate "2008.??.??"]
[EventType "match (corr)"]
[EventRounds "2"]
[SourceTitle "Corr 2011"]
[Source "ChessBase"]
[SourceDate "2010.08.31"]
[SourceVersion "1"]
[SourceVersionDate "2010.08.31"]
[SourceQuality "1"]
[WhiteTeam "US of America"]
[BlackTeam "Australia"]
[WhiteTeamCountry "USA"]
[BlackTeamCountry "AUS"]

1. d4 Nf6 2. c4 g6 3. Nc3 c6 4. e3 Bg7 5. Nf3 0-0 6. Bd3 Qc7 7. e4 d6 8. 0-0 Nbd7 9. Re1 Re8 10. Be3 b6 11. Rc1 Bb7 12. Qc2 a6 13. Bf4 Nh5 14. Be3 Rad8 15. Be2 Bf6 16. Bg5 Bg7 17. Be3 Nf8 18. Qd2 e6 19. Bh6 Bh8 20. Bg5 Nf6 21. Qf4 e5 22. Qd2 Ne6 23. d5 Nxg5 24. Nxg5 Bg7 25. Nf3 Qe7 26. Qc2 Rb8 27. Qb3 Bh6 28. Rb1 Qc7 29. Qc2 Bc8 30. h3 Bd7 31. Qd3 Nh5 32. Bd1 Nf4 33. Qc2 Qc8 34. dxc6 Bxh3 35. g3 Bg2 36. Nh4 Qh3 37. f3 Qh1+ 38. Kf2 Qh2 39. Nxg2 Qxg2+ 0-1

[Event "IECC Swiss-534"]
[Site "IECC email"]
[Date "2008.04.07"]
[Round "?"]
[White "David, Lajos"]
[Black "Reni, Norbert"]
[Result "1-0"]
[WhiteElo "1399"]
[BlackElo "1113"]
[PlyCount "73"]
[EventDate "2008.??.??"]
[EventType "match (corr)"]
[SourceTitle "Corr 2013"]
[Source "ChessBase"]
[SourceDate "2012.11.12"]
[SourceVersion "1"]
[SourceVersionDate "2012.11.12"]
[SourceQuality "1"]
[WhiteTeam "England"]
[BlackTeam "France"]
[WhiteTeamCountry "ENG"]
[BlackTeamCountry "FRA"]

1. d4 Nf6 2. Nf3 e6 3. e3 d5 4. Bd3 Nc6 5. c3 Bd6 6. 0-0 0-0 7. Nbd2 Re8 8. e4 dxe4 9. Nxe4 Be7 10. Re1 Bd7 11. g3 Nxe4 12. Bxe4 Bf6 13. Bf4 Qc8 14. Qd3 g6 15. Bh6 Rd8 16. h4 Be8 17. h5 Ne7 18. hxg6 fxg6 19. Kg2 c5 20. Bg5 Nd5 21. Bxd5 exd5 22. Bxf6 c4 23. Qd2 Rd7 24. Qh6 Qc7 25. Ng5 Qd6 26. Re6 Qf8 27. Qxf8+ Kxf8 28. Rae1 h6 29. Nf3 Bf7 30. Re7 Rd6 31. Bh8 Rb8 32. R7e3 Rdd8 33. Bf6 Rdc8 34. Re7 b5 35. Ne5 Be8 36. Rh7 Kg8 37. Rh8# 1-0

[Event "IECC CL7-2008.02 email"]
[Site "IECC email"]
[Date "2008.02.22"]
[Round "?"]
[White "Reni, Norbert"]
[Black "Buckle, Rodney"]
[Result "1-0"]
[WhiteElo "1037"]
[BlackElo "1256"]
[PlyCount "65"]
[EventDate "2008.??.??"]
[EventType "tourn (corr)"]
[EventRounds "4"]
[SourceTitle "Corr 2013"]
[Source "ChessBase"]
[SourceDate "2012.11.12"]
[SourceVersion "1"]
[SourceVersionDate "2012.11.12"]
[SourceQuality "1"]
[WhiteTeam "Nicaragua"]
[BlackTeam "US of America"]
[WhiteTeamCountry "NCA"]
[BlackTeamCountry "USA"]

1. e4 e5 2. Nf3 d6 3. Bb5+ Bd7 4. Bc4 Be7 5. d4 exd4 6. Qxd4 Nf6 7. Be3 b5 8. Be2 c5 9. Qd1 Nxe4 10. Nbd2 Nf6 11. c3 0-0 12. Qc2 c4 13. 0-0 Nd5 14. Qe4 Nxe3 15. Qxe3 Re8 16. Nd4 Bf6 17. Qf3 Bxd4 18. cxd4 Bc6 19. d5 Bb7 20. b3 Qg5 21. Ne4 Qe5 22. bxc4 Qxe4 23. Qxe4 Rxe4 24. Bd3 Re8 25. Rfb1 bxc4 26. Bxc4 Ba6 27. Bb3 Nd7 28. Ba4 Re7 29. Bc6 Rc8 30. a4 Ne5 31. Bb5 Bb7 32. Rd1 Ng4 33. Rd4 1-0

[Event "IECC CL7-2008.02 email"]
[Site "IECC email"]
[Date "2008.02.22"]
[Round "?"]
[White "Reni, Norbert"]
[Black "Richard, Andy"]
[Result "1-0"]
[WhiteElo "1061"]
[BlackElo "1004"]
[PlyCount "33"]
[EventDate "2008.??.??"]
[EventType "tourn (corr)"]
[EventRounds "4"]
[SourceTitle "Corr 2013"]
[Source "ChessBase"]
[SourceDate "2012.11.12"]
[SourceVersion "1"]
[SourceVersionDate "2012.11.12"]
[SourceQuality "1"]
[WhiteTeam "Nicaragua"]
[BlackTeam "US of America"]
[WhiteTeamCountry "NCA"]
[BlackTeamCountry "USA"]

1. e4 Nf6 2. Nc3 d5 3. exd5 Nxd5 4. Nxd5 Qxd5 5. d4 Nc6 6. Be3 e5 7. dxe5 Qxe5 8. c3 Bc5 9. Qd2 0-0 10. Nf3 Bxe3 11. fxe3 Qe7 12. 0-0-0 Rd8 13. Nd4 Ne5 14. Qc2 c5 15. Ne2 Bg4 16. h3 Rxd1+ 17. Qxd1 1-0

[Event "IECC M1-2007.T69"]
[Site "IECC email"]
[Date "2007.11.29"]
[Round "?"]
[White "Badenhorst, Jack"]
[Black "Reni, Norbert"]
[Result "1-0"]
[WhiteElo "1071"]
[BlackElo "1052"]
[PlyCount "153"]
[EventDate "2007.??.??"]
[EventType "match (corr)"]
[EventRounds "2"]
[SourceTitle "Corr 2020"]
[Source "ChessBase"]
[SourceDate "2019.09.30"]
[SourceVersion "1"]
[SourceVersionDate "2019.09.30"]
[SourceQuality "1"]
[WhiteTeam "Australia"]
[BlackTeam "Australia"]
[WhiteTeamCountry "AUS"]
[BlackTeamCountry "AUS"]

1. e4 e5 2. Nf3 Nc6 3. c3 Bd6 4. d4 Qe7 5. d5 Nd8 6. Bg5 f6 7. Bh4 c6 8. c4 Nf7 9. a3 Ngh6 10. Be2 0-0 11. Nc3 Bc7 12. 0-0 d6 13. h3 Nh8 14. Nh2 Ng6 15. Bg3 Nf4 16. Bxf4 exf4 17. Bd3 Nf7 18. Ne2 Ne5 19. Nxf4 Nxd3 20. Qxd3 Qe5 21. Qe3 Qxb2 22. Nf3 Qc2 23. Rfc1 Qa4 24. Nd4 Bb6 25. Qd3 c5 26. Nde6 Rf7 27. Qc2 Qe8 28. a4 a5 29. Qb2 Ba7 30. Qc3 b6 31. Rc2 Qe7 32. Re2 Bd7 33. f3 f5 34. Qd3 Qf6 35. Raa2 Qe5 36. exf5 Qxf5 37. Qxf5 Rxf5 38. Re4 Re8 39. Ra3 Rf7 40. g3 Rfe7 41. Kf2 g6 42. Ke3 Rf7 43. Ng5 Rxe4+ 44. fxe4 Rf6 45. h4 h6 46. Nge6 h5 47. Kd2 Kf7 48. Ng5+ Kg7 49. Nge6+ Kh6 50. Nd8 g5 51. hxg5+ Kxg5 52. Nc6 Kg4 53. Ke3 h4 54. gxh4 Rxf4 55. Ra2 Rf3+ 56. Ke2 Kg3 57. Rd2 Kf4 58. Nxa7 Bg4 59. Nb5 Rh3+ 60. Ke1 Ke5 61. Rg2 Re3+ 62. Kd2 Rxe4 63. Kc3 Rf4 64. h5 Bxh5 65. Rg5+ Rf5 66. Rxf5+ Kxf5 67. Nxd6+ Ke5 68. Nc8 Be8 69. Kb3 Kf6 70. Nxb6 Ke7 71. Nc8+ Kd7 72. Na7 Bh5 73. Nc6 Be8 74. Nxa5 Kc7 75. Ka3 Kb6 76. Nb3 Bd7 77. a5+ 1-0

[Event "IECC TH-M-2798"]
[Site "IECC email"]
[Date "2007.09.30"]
[Round "?"]
[White "Sonny Abraham, Vivek"]
[Black "Reni, Norbert"]
[Result "0-1"]
[WhiteElo "1001"]
[BlackElo "1048"]
[PlyCount "68"]
[EventDate "2007.??.??"]
[EventType "match (corr)"]
[EventRounds "2"]
[SourceTitle "Corr 2011"]
[Source "ChessBase"]
[SourceDate "2010.08.31"]
[SourceVersion "1"]
[SourceVersionDate "2010.08.31"]
[SourceQuality "1"]
[WhiteTeam "US of America"]
[BlackTeam "Ireland"]
[WhiteTeamCountry "USA"]
[BlackTeamCountry "IRL"]

1. e4 c5 2. d4 cxd4 3. c3 dxc3 4. Nxc3 g6 5. f3 Nc6 6. Nh3 Nf6 7. b3 e6 8. Be2 Bb4 9. 0-0 Bxc3 10. Rb1 Nd4 11. Bd2 Nxe2+ 12. Qxe2 Be5 13. f4 Bd6 14. e5 Bc5+ 15. Be3 Ne4 16. Bxc5 Nc3 17. Qg4 Nxb1 18. Rxb1 Qc7 19. Rc1 b5 20. Rd1 Qxc5+ 21. Nf2 Bb7 22. b4 Qxb4 23. Nd3 Qd4+ 24. Nf2 Qc5 25. h4 Bd5 26. Qe2 h5 27. a3 0-0 28. g4 Qc6 29. Nd3 Bf3 30. Qe1 Bxg4 31. Rc1 Qf3 32. Nf2 Qg3+ 33. Kf1 Bf3 34. Nh3 Qg2# 0-1

[Event "IECC CL7-2007.01 email"]
[Site "IECC email"]
[Date "2007.01.08"]
[Round "?"]
[White "Reni, Norbert"]
[Black "Buckle, Rodney"]
[Result "0-1"]
[WhiteElo "1097"]
[BlackElo "1137"]
[PlyCount "34"]
[EventDate "2007.??.??"]
[EventType "tourn (corr)"]
[EventRounds "4"]
[SourceTitle "Corr 2008"]
[Source "ChessBase"]
[SourceDate "2008.06.24"]
[SourceVersion "1"]
[SourceVersionDate "2008.06.24"]
[SourceQuality "1"]
[WhiteTeam "Australia"]
[BlackTeam "England"]
[WhiteTeamCountry "AUS"]
[BlackTeamCountry "ENG"]

1. e4 d5 2. exd5 Qxd5 3. Nc3 Qe6+ 4. Be2 Nc6 5. Nf3 Bd7 6. d4 0-0-0 7. 0-0 Qf6 8. Bd3 Bg4 9. Qe1 Bxf3 10. g3 Nxd4 11. Qe3 Nh6 12. Re1 Bc6 13. Kf1 Ng4 14. Qf4 Nxh2+ 15. Kg1 Nhf3+ 16. Kf1 Bd7 17. g4 Qh4 0-1

[Event "IECC CL7-2006.14 email"]
[Site "IECC email"]
[Date "2006.09.03"]
[Round "?"]
[White "Copin, Jean Christophe"]
[Black "Reni, Norbert"]
[Result "1-0"]
[WhiteElo "1209"]
[BlackElo "1092"]
[PlyCount "99"]
[EventDate "2006.??.??"]
[EventType "tourn (corr)"]
[EventRounds "4"]
[SourceTitle "Corr 2020"]
[Source "ChessBase"]
[SourceDate "2019.09.30"]
[SourceVersion "1"]
[SourceVersionDate "2019.09.30"]
[SourceQuality "1"]
[WhiteTeam "France"]
[BlackTeam "Australia"]
[WhiteTeamCountry "FRA"]
[BlackTeamCountry "AUS"]

1. e4 c5 2. Nf3 Nc6 3. d4 cxd4 4. Nxd4 Nf6 5. Nc3 d6 6. Nxc6 bxc6 7. e5 Nd5 8. Nxd5 cxd5 9. Bb5+ Bd7 10. Bxd7+ Qxd7 11. Qxd5 Rd8 12. exd6 e6 13. Qd3 Bxd6 14. Bd2 Qb7 15. 0-0-0 0-0 16. g3 Bc5 17. Qe2 Bd4 18. c3 Bf6 19. Be3 Rc8 20. f3 Rc7 21. Bd4 Bxd4 22. Rxd4 Rc5 23. Rhd1 Qe7 24. Rd7 Qf6 25. Qd3 Rcc8 26. Rxa7 Qg5+ 27. Kc2 Qc5 28. Qd4 Qb5 29. Rd3 Rb8 30. b4 h6 31. Qc5 Qxc5 32. bxc5 Rbc8 33. Ra5 Rc7 34. Kb3 e5 35. Rd6 Re8 36. c6 Kf8 37. Rad5 Rb8+ 38. Kc4 f6 39. Kc5 Ra7 40. Rd8+ Rxd8 41. Rxd8+ Ke7 42. Rd7+ Rxd7 43. cxd7 Kxd7 44. Kb6 Kc8 45. a4 f5 46. Kc5 g5 47. Kd5 e4 48. fxe4 f4 49. gxf4 gxf4 50. Kd4 1-0

[Event "IECC CL7-2006.13 email"]
[Site "IECC email"]
[Date "2006.08.20"]
[Round "?"]
[White "Reni, Norbert"]
[Black "Kenyon, Michael"]
[Result "1-0"]
[WhiteElo "1109"]
[BlackElo "1072"]
[PlyCount "23"]
[EventDate "2006.??.??"]
[EventType "tourn (corr)"]
[EventRounds "4"]
[SourceTitle "Corr 2020"]
[Source "ChessBase"]
[SourceDate "2019.09.30"]
[SourceVersion "1"]
[SourceVersionDate "2019.09.30"]
[SourceQuality "1"]
[WhiteTeam "Australia"]
[BlackTeam "United States"]
[WhiteTeamCountry "AUS"]
[BlackTeamCountry "USA"]

1. e4 e5 2. Nf3 Nc6 3. Nc3 Nf6 4. Bc4 Nxe4 5. Nxe4 d5 6. Bd3 dxe4 7. Bxe4 Bg4 8. b3 f5 9. Bd3 e4 10. Be2 f4 11. Ng1 Ne5 12. Bxg4 1-0

[Event "IECC KO-1056"]
[Site "IECC email"]
[Date "2005.11.16"]
[Round "?"]
[White "Belej, Juan"]
[Black "Reni, Norbert"]
[Result "0-1"]
[WhiteElo "1055"]
[BlackElo "1115"]
[PlyCount "62"]
[EventDate "2005.??.??"]
[EventType "match (corr)"]
[EventRounds "2"]
[SourceTitle "Corr 2020"]
[Source "ChessBase"]
[SourceDate "2019.09.30"]
[SourceVersion "1"]
[SourceVersionDate "2019.09.30"]
[SourceQuality "1"]
[WhiteTeam "Argentina"]
[BlackTeam "Australia"]
[WhiteTeamCountry "ARG"]
[BlackTeamCountry "AUS"]

1. e4 e5 2. Nf3 Nc6 3. Bc4 Qe7 4. d3 Nf6 5. Ng5 d5 6. exd5 Nd8 7. 0-0 Qd6 8. Ne4 Nxe4 9. dxe4 Bd7 10. Nc3 a6 11. b3 b5 12. Be2 Qg6 13. g3 Be7 14. f4 Qd6 15. fxe5 Qc5+ 16. Be3 Qxc3 17. Bd4 Qa5 18. Bg4 Bc8 19. e6 0-0 20. exf7+ Nxf7 21. Bxc8 Raxc8 22. Qg4 g6 23. Qd7 Rce8 24. e5 Qd2 25. c3 Ng5 26. Rxf8+ Rxf8 27. Qxe7 Nf3+ 28. Kf1 Nxd4+ 29. Kg1 Nf3+ 30. Kf1 Nxe5+ 31. Kg1 Nf3+ 0-1

[Event "IECC CL7-2005.11 email"]
[Site "IECC email"]
[Date "2005.07.09"]
[Round "?"]
[White "Hulse, David"]
[Black "Reni, Norbert"]
[Result "0-1"]
[WhiteElo "1062"]
[BlackElo "1173"]
[PlyCount "46"]
[EventDate "2005.??.??"]
[EventType "tourn (corr)"]
[EventRounds "4"]
[SourceTitle "Corr 2008"]
[Source "ChessBase"]
[SourceDate "2008.06.24"]
[SourceVersion "1"]
[SourceVersionDate "2008.06.24"]
[SourceQuality "1"]

1. e4 e5 2. Nf3 Nc6 3. d4 Qe7 4. d5 Nd4 5. Nxd4 exd4 6. Qxd4 c5 7. Qe3 Nf6 8. Bd3 Ng4 9. Qf4 Ne5 10. 0-0 c4 11. Be2 Qd6 12. Na3 Qe7 13. Bxc4 Ng6 14. Qe3 a6 15. Re1 Qe5 16. Rb1 Bd6 17. g3 0-0 18. b3 Re8 19. Qf3 Bb4 20. Re2 d6 21. Bb2 Qe7 22. c3 Ne5 23. Qe3 Bc5 0-1

[Event "IECC M-5274"]
[Site "IECC email"]
[Date "2005.07.01"]
[Round "?"]
[White "Magee, Kerry"]
[Black "Reni, Norbert"]
[Result "0-1"]
[WhiteElo "944"]
[BlackElo "1191"]
[PlyCount "88"]
[EventDate "2005.??.??"]
[EventType "tourn (corr)"]
[EventRounds "10"]
[SourceTitle "Corr 2008"]
[Source "ChessBase"]
[SourceDate "2008.06.24"]
[SourceVersion "1"]
[SourceVersionDate "2008.06.24"]
[SourceQuality "1"]

1. Nf3 Nf6 2. g3 d5 3. Bg2 d4 4. 0-0 Nc6 5. d3 e5 6. Nbd2 Bd6 7. e4 dxe3 8. fxe3 Bg4 9. b3 0-0 10. Bb2 Bc5 11. Qe2 Re8 12. Nc4 e4 13. dxe4 Rxe4 14. Qd3 Re7 15. Qxd8+ Rxd8 16. Rad1 Rde8 17. Rd3 b5 18. Na3 Bxe3+ 19. Kh1 a6 20. Re1 Nb4 21. Rc3 c5 22. h3 Nbd5 23. Rd3 Bf5 24. Rdd1 Be6 25. Ng5 Bxg5 26. Bc1 Bxc1 27. Rxc1 Nh5 28. g4 Nhf4 29. Rg1 Ne3 30. Bc6 Rc8 31. Be4 Nxh3 32. Rg3 Nf2+ 33. Kg1 Nexg4 34. Bf3 f5 35. Re1 Ne4 36. Bxe4 fxe4 37. Rxe4 Rce8 38. Kf1 c4 39. bxc4 bxc4 40. Nxc4 Bxc4+ 41. Rxc4 Re1+ 42. Kg2 Ne3+ 43. Rxe3 R1xe3 44. c3 Re2+ 0-1